Most Streamed Justin Bieber Songs - Statistics

General Stats
  • This quiz has been taken 7 times
  • The average score is 10 of 20
Answer Stats
# Streams Answer % Correct
12 1,522,304,211 Baby
100%
4 2,856,904,019 Sorry
100%
2 3,156,720,421 Love Yourself
80%
1 3,875,023,790 STAY
80%
11 1,579,538,395 Beauty And A Beat
60%
10 1,842,940,228 Cold Water
60%
18 1,143,893,181 Confident
60%
5 2,235,192,090 Ghost
60%
3 2,993,713,207 Let Me Love You
60%
8 1,933,254,289 Peaches
60%
7 2,089,366,133 What Do You Mean?
60%
20 1,042,155,171 Eenie Meenie
40%
15 1,400,027,817 I'm the One
40%
19 1,066,740,247 Mistletoe
40%
17 1,218,597,230 10,000 Hours
20%
9 1,884,807,512 Despacito - Remix
20%
6 2,159,273,368 I Don't Care
20%
14 1,408,968,711 Intentions
20%
13 1,422,105,096 Stuck with U
20%
16 1,277,415,365 Where Are Ü Now
20%
No matching quizzes found
Score Distribution
Percent of People with Each Score
Percentile by Number Answered
Your Score History
You have not taken this quiz